000 00381nam a2200145Ia 4500
008 100122s9999 xx 000 0 und d
082 _b52136
_a821
100 _aसप्रे मधुवंती
245 _aशेरी
260 _bशुभांगी कारंडे
_c1995
300 _a54
630 _aशेरी
730 _aशेरी
942 _cBOOK
999 _c429409
_d429406